Wordwise Movie titles 3 Quiz Stats

 Plays Quiz not verified by Sporcle

Score 0/26 Timer 07:00
0 Plays Today
Clue Movie % Correct
WondaliceerlandAlice in Wonderland
92.2%
MERMAID MERMAID *mermaid*The Little Mermaid
89.4%
6.00AM of the DeceasedDawn of the Dead
82.6%
Indemnity IndemnityDouble Indemnity
82.1%
Bad dream-December 25thThe Nightmare Before Christmas
79.3%
*Blood* Blood BloodFirst Blood
78.4%
Good 8.00am HanoiGood Morning Vietnam
76.5%
Ahhhhhhhhh! or Eeeeeeekkkk!Scream
74.8%
3 Infuriated, 2 Incensed, 5 Irate, and 2 Enraged males=12 Angry men
74%
SplostaceLost in Space
73.1%
February 2nd/February 2nd/February 2nd/February 2nd/February 2ndGroundhog Day
71.6%
TosnfrmsrearTransformers
70%
Waltz Waltz Waltz *Waltz*The Last Waltz
64.7%
Clue Movie % Correct
SealSealSealSealSealSeal*Seal*SealSealThe Seventh Seal
63.5%
3 Capuchins, 2 Guenons, 5 Macaques and 2 Marmosets Twelve Monkeys
54%
SSsssshhhhhhhhh Dolly and Baa BaaThe Silence of the Lambs
47.2%
12.00am Jesse JamesMidnight Cowboy
44.3%
Kikuchiyo+Katsushirō+Kambei+Gorōbei+Kyūzō+Heihachi+Shichirōji=Seven Samurai
38.7%
Mr Murray, Mr Gates or Mr Clinton are going down.Kill Bill
29.6%
The Chocolate, One Tree, Capitol and Signal are watchingThe Hills have Eyes
25.4%
----------------------------------------rsFlatliners
20.1%
May 2nd-*May 30th*28 Days later
18.6%
T- H/ E-- W~A^V-E#S Breaking the Waves
16.9%
AlevelAll About Eve
11%
C C C300
10%
E*the*RThe Insider
3.4%

You're not logged in!

Compare scores with friends on all Sporcle quizzes.
OR
Log In

Show Comments

Extras

Created Feb 23, 2012ReportNominate
Tags:Movie Titles Quiz

Top Quizzes Today


Score Distribution

Your Account Isn't Verified!

In order to create a playlist on Sporcle, you need to verify the email address you used during registration. Go to your Sporcle Settings to finish the process.

Report this User

Report this user for behavior that violates our Community Guidelines.

Details: